000
00291nam a22001331a 4500
082
_a
H 294.3
_b
VIM/M
100
_a
Vimalkirti
245
_a
Milindapanhapali/
_c
by Vimalkirti
260
_a
Delhi:
_b
Rahul,
_c
2000.
300
_a
295p.
650
_a
Buddhism
650
_a
Religion
942
_c
BK
999
_c
28911
_d
28911